000 00586nam a2200229Ia 4500
003 OSt
005 20220924144711.0
006 a|||||r|||| 00| 0
007 ta
008 220923b |||||||| |||| 00| 0 urd d
024 _a318323
037 _cTextual
040 _aARTS
_cARTS
_burd
041 _2urd
_aurd
082 _aO168,1M901x, K2
100 _aQasir Brahmnath Dutt Au.
_9218225
245 0 _aBarg-o-bar
260 _c1962
650 _aURDU POETRY
942 _hO168,1M901x, K2
_cTEXL
_2CC
999 _c457983
_d457983